<?xml version="1.0" encoding="UTF-8"?>
<collection xmlns="http://www.loc.gov/MARC21/slim">
  <record>
    <leader>00000nam  2200000   4500</leader>
    <controlfield tag="001">INLIS000000000000329</controlfield>
    <controlfield tag="005">20200323110037</controlfield>
    <datafield tag="035" ind1="#" ind2="#">
      <subfield code="a">0010-0718000329</subfield>
    </datafield>
    <controlfield tag="008">200323################|##########|#|##</controlfield>
    <datafield tag="041" ind1=" " ind2=" ">
      <subfield code="a">id</subfield>
    </datafield>
    <datafield tag="082" ind1="#" ind2="#">
      <subfield code="a">030</subfield>
    </datafield>
    <datafield tag="090" ind1=" " ind2=" ">
      <subfield code="a">R 030 PIM I 2013</subfield>
    </datafield>
    <datafield tag="100" ind1=" " ind2="#">
      <subfield code="a">Busrah</subfield>
    </datafield>
    <datafield tag="245" ind1="1" ind2="#">
      <subfield code="a">Optimalisasi Sistem Pelaporan Cepat Badan Intelijen Keamanan POLRI Melalui Sistem Informasi Manajemen (Management Information System) Guna Meningkatkan Deteksi Dini Dalam Rangka Mewujudkan Situasi Kamtibmas Yang Kondusif</subfield>
    </datafield>
    <datafield tag="250" ind1="#" ind2="#">
      <subfield code="a">ed.1</subfield>
    </datafield>
    <datafield tag="260" ind1="#" ind2="#">
      <subfield code="a">Jakarta :</subfield>
      <subfield code="b">Lembaga Administrasi Negara,</subfield>
      <subfield code="c">2013</subfield>
    </datafield>
    <datafield tag="300" ind1="#" ind2="#">
      <subfield code="a">18 hlm.; 30 cm :</subfield>
      <subfield code="b">ilus. ;</subfield>
      <subfield code="c">30 cm.</subfield>
    </datafield>
    <datafield tag="500" ind1="#" ind2="#">
      <subfield code="a">Proyek perubahan ini mempunyai beberapa tujuan. Pertama, tujuan jangka pendek proyek ini adalah untuk mengoptimalkan Sistem Pelaporan Cepat melalui Sistem Informasi Manajemen (Management Information System- MIS) guna meningkatkan deteksi dini dalam rangka mewujudkan situasi Kamtibmas yang kondusif. Kedua, tujuan jangka panjang dari proyek perubahan ini adalah melakukan upaya-upaya untuk menjamin bahwa Sistem Pelaporan Cepat melalui Sistem Informasi Manajemen (Management Information System-MIS) dapat berlangsung secara lebih sempurna, sehingga lebih efektif dan efisien dalam meningkatkan deteksi dini dalam rangka mewujudkan situasi Kamtibmas.</subfield>
    </datafield>
    <datafield tag="650" ind1=" " ind2="#">
      <subfield code="a">Optimalisasi Sistem Pelaporan -- Proyek Perubahan PIM1</subfield>
    </datafield>
    <datafield tag="084" ind1="#" ind2="#">
      <subfield code="a">R 030 PIM I 2013</subfield>
    </datafield>
  </record>
</collection>
